Dans quelle BD apparait ce personnage ? (1) - Statistiques

Statistiques générales
  • Ce quiz a été pris 53 fois
  • Le résultat moyen est 8 sur 35
Statistiques - réponses
Hint Réponse % Correct
Gargamel Les Schtroumpfs
96%
Bianca Castafiore Tintin
89%
Petit Tonnerre Yakari
87%
Jolly Jumper Lucky Luke
80%
Riad Satouff L'arabe du futur
59%
Pacôme de Champignac Spirou
43%
Haroun El Poussah Iznogoud
41%
Hercule le chat Pif
41%
Pouf Boule et Bill
33%
Laureline Valérian
33%
Kriss de Valnor Thorgal
30%
Crâo le sage Rahan
28%
Sémaphore Cubitus
24%
Triple-Patte Barbe-Rouge
20%
Enak Allix
17%
Chihuahua Pearl Blueberry
13%
Samuel Amos XIII
13%
Annaïck Labornez Bécassine
9%
Chinook Buddy Longway
9%
Jujube Gai-Luron
9%
Khéna Le Scrameustache
9%
Isa Les passagers du vent
9%
Sigismond Bourdon Ric Hochet
9%
Petit Caniche Chick Bill
7%
Libellule Gil Jourdan
7%
Eusèbe Les enfants de la résistance
7%
Miss Partridge Clifton
4%
Laurent Draillac Largo Winch
4%
Alvinia Murena
4%
Christopher Cavallieri Les Naufragés du temps
2%
Bill Rix Michel Vaillant
2%
Pol Pitron Yoko Tsuno
2%
Wulf Le Grand Duc
0%
Hugues Les Aigles décapitées
0%
Tchen Qin Le Vent des dieux
0%
Aucun quiz correspondant
Distribution des résultats
% des personnes avec chaque résultat
Percentile par nombre de réponses
Votre historique - résultats
Vous n’avez pas pris ce quiz